Vista normal
Vista MARC
Entrada Materia (personas)
Número de registros utilizados en: 1
001 - CONTROL NUMBER
- control field: 147378
003 - CONTROL NUMBER IDENTIFIER
- control field: Co-BoUCM
005 - DATE AND TIME OF LATEST TRANSACTION
- control field: 20211025101458.0
008 - FIXED-LENGTH DATA ELEMENTS
- fixed length control field: 211025|| aca||aabn | a|a d
040 ## - CATALOGING SOURCE
- Original cataloging agency: Co-BoUCM
- Transcribing agency: Co-BoUCM
100 ## - HEADING--PERSONAL NAME
- Personal name: Ojeda Figueroa, César
670 ## - SOURCE DATA FOUND
- Source citation: Work cat.: (Co-BoUCM)81199: Ojeda Figueroa, César, La depresión bipolar enfermedad maniaco depresiva o trastorno bipolar del estado de ánimo, 1991